| 000 | 01806nam a22002537a 4500 | ||
|---|---|---|---|
| 005 | 2012020802142.0 | ||
| 008 | 120208s2009 ua|||||r||||o00| 0 ara d | ||
| 082 |
_222 _a371.02026 _bا ب ر |
||
| 100 |
_928700 _aعباس، ابراهيم محمد العدل |
||
| 245 |
_aقرار وزير التعليم رقم 306 بتاريخ 6/12/1993 بشأن التعليم الخاص / _cاعداد ومراجعة ابراهيم محمد العدل عباس، كريمة السيد ابراهيم. |
||
| 250 | _aط. 10. | ||
| 260 |
_aالقاهرة : _bوزارة التجارة والصناعة، _c2009. |
||
| 300 |
_a257 ص. ؛ _c24 سم. |
||
| 504 | _aيشتمل على ارجاعات ببليوجرافية. | ||
| 650 |
_928702 _aالتعليم الخاص _xقوانين وتشريعات _zمصر |
||
| 653 |
_bAra _cFebruary2012 |
||
| 700 |
_928701 _aابراهيم، كريمة السيد |
||
| 942 |
_2ddc _cBB |
||
| 999 |
_c16414 _d16414 |
||